Poison ~ Every Rose Has It's Thorn - Statistics

General Stats
  • This quiz has been taken 37 times
  • The average score is 237 of 279
Answer Stats
Answer % Correct
a
100%
ever
100%
Every
100%
every
100%
has
100%
Has
100%
I
100%
it
100%
its
100%
it's
100%
Just
100%
rose
100%
sad
100%
so
100%
song
100%
thorn
100%
both
93%
cowboy
93%
dead
93%
in
93%
lie
93%
like
93%
Like
93%
night
93%
not
93%
of
93%
sings
93%
the
93%
to
93%
To
93%
We
93%
we
93%
close
87%
come
87%
dawn
87%
did
87%
Did
87%
guess
87%
his
87%
inside
87%
miles
87%
right
87%
said
87%
say
87%
something
87%
still
87%
that
87%
that's
87%
they
87%
together
87%
why
87%
you
87%
and
80%
And
80%
But
80%
could
80%
cuts
80%
does
80%
go
80%
hurt
80%
knife
80%
love
80%
me
80%
my
80%
or
80%
out
80%
words
80%
apart
73%
be
73%
feel
73%
he
73%
Hear
73%
hear
73%
her
73%
know
73%
much
73%
on
73%
pain
73%
remains
73%
scar
73%
tried
73%
Was
73%
what
73%
Although
67%
dawn
67%
easy
67%
felt
67%
game
67%
here
67%
If
67%
loves
67%
new
67%
now
67%
radio
67%
somehow
67%
this
67%
Though
67%
wonder
67%
you'd
67%
DJ
60%
favorite
60%
have
60%
let
60%
listen
60%
our
60%
Playing
60%
silently
60%
somebody
60%
been
53%
I'd
53%
Instead
53%
makin'
53%
never
53%
separate
53%
up
53%
ways
53%
while
53%
Yeah
53%
found
47%
known
47%
meant
47%
saved
47%
see
47%
wound
47%
heals
40%
tears
40%
made
33%
No matching quizzes found
Score Distribution
Percent of People with Each Score
Percentile by Number Answered
Your Score History
You have not taken this quiz